Statistics for Top 10 Countries by Uranium Reserves

Click here to take the quiz!

General Stats

  • This quiz has been taken 69 times
  • The average score is 7 of 10

Answer Stats

Reserves (tonnes)Country% Correct
395 200Russia
98%
703 600Canada
88%
1 780 800Australia
86%
272 500China
84%
941 600Kazakhstan
78%
276 800Brazil
72%
449 300South Africa
70%
411 300Niger
48%
463 000Namibia
41%
228 000Grenada
0%

Score Distribution

Percentile by Number Answered

Percent of People with Each Score

Your Score History

You have not taken this quiz